000 01264cam a22002294a 4500
005 20250605163941.0
008 250528s ||||||||||||||||||||||||d
035 _a15027
020 _a256124035
040 _aGR-AtMCL
_bgre
_dGR-AtMCL
_eAACR2
245 1 _aAccounting / An International Perspective: Third Edition
250 _a3rd
260 _bIrwin Mcgraw-Hill,
_c1994
300 _a206
520 _aA Supplement to Introductory Accounting Textbooks. An International Perspective on Financial Accounting, Diversity in Financial Accounting Practices, Harmonization of Financial Accounting Diversity, Financial Reporting in the International Environment, Disclosure Practices around the World, Multinational Consolidations and Foreign Currency Translation, International Financial Statement Analysis, Accounting Information Systems for Multinational Corporations, Strategic Planning and Control in the International Environment, Performance Evaluation in Multinational Corporations, Multinational Transfer Pricing and International Taxation, Emerging Issues in International Accounting, Index.
700 1 _aGernon Helen
_9859
700 1 _aMeek Gary K
_9860
700 1 _aMueller Gerhard G
_9725
942 _cBK
999 _c631
_d631